Core Python Programming (Record no. 882)

MARC details
000 -LEADER
Fixed length control field 00612nam a2200181 4500
003 - CONTROL NUMBER IDENTIFIER
Control field SEACOMEC
005 - DATE AND TIME OF LATEST TRANSACTION
Control field 20240904142413.0
008 - FIXED-LENGTH DATA ELEMENTS--GENERAL INFORMATION
Fixed length control field 240408b |||||||| |||| 00| 0 eng d
020 ## - INTERNATIONAL STANDARD BOOK NUMBER / ISBN
International Standard Book Number 978-9390457151
Price Rs.699.00
040 ## - CATALOGING SOURCE
Original cataloging agency SEACOMEC
082 ## - DEWEY DECIMAL CLASSIFICATION NUMBER
Classification number 005.133
Book Number R215
100 ## - MAIN ENTRY--PERSONAL NAME
Personal name Rao, R. Nageswara
245 ## - TITLE STATEMENT
Title Core Python Programming
Sub title 3ed: Covers fundamentals to advanced topics like OOPS, Exceptions, Data structures, Files, Threads/
Statement of responsibility R. Nageswara Rao
260 ## - IMPRINT
Place of publication New Delhi
Name of publisher Dreamtech Press
Date of publication 2001
300 ## - PHYSICAL DESCRIPTION
Page / Vol. No 792p
Dimensions 10 x 10 x 10 cm
650 ## - SUBJECT ADDED ENTRY--TOPICAL TERM
Topical term Computer software
Form subdivision Programming languages
942 ## - ADDED ENTRY ELEMENTS (KOHA)
Koha item type Books
Holdings
Withdrawn status Lost status Source of classification Damaged status Not for loan Home library Current library Date acquired Total Checkouts Call number Accession number Date last seen Price effective from Koha item type Copy number
    Dewey Decimal Classification     SEACOM ENGINEERING COLLEGE SEACOM ENGINEERING COLLEGE 08/04/2024   005.133 R215 21450 08/04/2024 08/04/2024 Reference Books  
    Dewey Decimal Classification     SEACOM ENGINEERING COLLEGE SEACOM ENGINEERING COLLEGE 08/04/2024   005.133 R215 21451 08/04/2024 08/04/2024 Books 1
    Dewey Decimal Classification     SEACOM ENGINEERING COLLEGE SEACOM ENGINEERING COLLEGE 08/04/2024   005.133 R215 21452 08/04/2024 08/04/2024 Books 2
    Dewey Decimal Classification     SEACOM ENGINEERING COLLEGE SEACOM ENGINEERING COLLEGE 08/04/2024   005.133 R215 21453 08/04/2024 08/04/2024 Books 3
    Dewey Decimal Classification     SEACOM ENGINEERING COLLEGE SEACOM ENGINEERING COLLEGE 08/04/2024   005.133 R215 21454 08/04/2024 08/04/2024 Books 4
© Seacom Engineering College, All rights reserved.      Powered by Koha